Ty a vesmír

Bibliographic Details
Main Authors: Hawking, Stephen, 1942-2018 (Author), Hawking, Lucy, 1970- (Author)
Other Authors: Li, Xin (Illustrator), Vlašičová, Jana (prekladateľka) (Translator), Jajcayová, Dáša (Editor)
Format: Book
Language:Slovak
English
PhysicalDescription:34 nečíslovaných strán farebné ilustrácie, farebné ilustrované listy 23 cm
Published: Bratislava Slovart 2024
ISBN:9788055665467
Subjects:

MARC

LEADER 00000cam a2200000 4500
001 vtls012257292
003 SK-MaSNL
005 20260302063034.0
008 240531s2024 xo af b 010 j slo
015 |a SNBA2024/08 
020 |a 9788055665467  |q (viazané) 
040 |a SNK  |b slo  |c SNK  |e rda 
041 1 |a slo  |h eng 
044 |a xo  |c SK 
072 7 |a 0/9-053.2  |x Literatúra pre deti a mládež (náučná)  |2 konspekt 
072 7 |a 821.111-3  |x Anglická próza, anglicky písaná  |2 konspekt 
080 |a 524.8  |2 2011 
080 |a (0:82-321.3)  |2 2011 
080 |a 821.111-32  |2 2011 
080 |a 524.6/.7  |2 2011 
080 |a 82-93-053.4/.5  |2 2011 
100 1 |a Hawking, Stephen,  |d 1942-2018  |4 aut  |9 176582 
240 1 0 |a You and the universe  |l Slovensky 
245 1 0 |a Ty a vesmír  |c Stephen Hawking a Lucy Hawking ; ilustrovala Xin Li ; z anglického originálu You and the universe ... preložila Jana Vlašičová 
264 1 |a Bratislava  |b Slovart  |c 2024 
300 |a 34 nečíslovaných strán  |b farebné ilustrácie, farebné ilustrované listy  |c 23 cm 
336 |a text  |b txt  |2 rdacontent 
336 |a statický obraz  |b sti  |2 rdacontent 
337 |a bez média  |b n  |2 rdamedia 
338 |a zväzok  |b nc  |2 rdacarrier 
500 |a Obsahuje profesijné údaje o autoroch 
521 8 |a Pre deti od 5 rokov 
650 0 7 |a vesmír  |2 SNKPH  |9 1770 
650 0 7 |a galaxie  |2 SNKPH  |9 4397 
650 0 7 |a Universe  |2 SNKPHeng  |9 310664 
650 0 7 |a Galaxies  |2 SNKPHeng  |9 312796 
655 7 |a dobrodružné príbehy  |2 SNKPH  |9 70626 
655 7 |a literatúra pre deti a mládež  |2 SNKPH  |9 189378 
655 7 |a English stories  |2 SNKPHeng  |9 286267 
655 7 |a anglické príbehy  |2 SNKPH  |9 70612 
655 7 |a Adventure stories  |2 SNKPHeng  |9 312592 
655 7 |a Children's and juvenile literature  |2 SNKPHeng  |9 212725 
700 1 |a Hawking, Lucy,  |d 1970-  |4 aut  |9 151045 
700 1 |a Li, Xin  |4 ill  |9 723749 
700 1 |a Vlašičová, Jana  |c (prekladateľka)  |4 trl  |9 184238 
700 1 |a Jajcayová, Dáša  |4 edt  |9 304944 
700 1 |a Figus, Valentina  |4 bkd  |9 499445 
852 |a Slovenská národná knižnica 
919 |a 978-80-556-6546-7 
954 |a beletria cudzojazyčná (svetová)  |2 lita 
958 |a DB 
958 |a LX 
958 |a UP 
968 |b ENG 
999 |c 1131313  |d 1133243 
952 |a SNK  |b SNK  |y VYP  |7 0  |p 17A1549288  |o snkSC 207226 D1  |i snk2024/12793  |8 3  |g 8.16  |0 0  |1 0  |4 0  |d 2024-08-13  |l 0  |r 2026-02-24 19:02:11  |w 2026-02-24 
952 |a SNK  |b SNK  |y PREZ  |7 0  |p 17A1548637  |o snkSC 207226  |i snk2024/11002  |8 0  |0 0  |1 0  |4 0  |d 2024-07-11  |l 0  |r 2025-10-30 00:00:00  |w 2026-02-24